Statistics for Austria Groups of Things

Click here to take the quiz!

General Stats

  • This quiz has been taken 19 times
  • The average score is 16 of 35

Answer Stats

HintAnswer% Correct
Countries which border AustriaGermany
100%
Countries which border AustriaItaly
100%
Countries which border AustriaSwitzerland
100%
Biggest CitiesVienna
100%
Countries which border AustriaCzech Republic
94%
Countries which border AustriaHungary
94%
Countries which border AustriaSlovakia
94%
Countries which border AustriaSlovenia
94%
Longest RiversDanube
88%
Countries which border AustriaLiechtenstein
88%
Biggest CitiesSalzburg
88%
Biggest CitiesGraz
71%
Longest RiversInn
71%
Biggest CitiesInnsbruck
71%
Biggest CitiesLinz
65%
Longest RiversRhine
65%
Tallest MountainsGroßglockner
47%
Most successful ski racers (men)Hermann Maier
35%
Most successful ski racers (men)Marcel Hirscher
29%
Last 5 ChancellorsSebastian Kurz
24%
Last 5 ChancellorsChristian Kern
18%
Last 5 ChancellorsKarl Nehammer
18%
Last 5 ChancellorsAlfred Gusenbauer
12%
Most successful ski racers (women)Anna Veith
12%
Most successful ski racers (men)Benjamin Raich
12%
Most successful ski racers (men)Franz Klammer
12%
Most successful ski racers (women)Marlies Schild
12%
Last 5 ChancellorsWerner Faymann
12%
Most successful ski racers (women)Annemarie Moser-Pröll
6%
Longest RiversDrava
6%
Most successful ski racers (women)Michaela Dorfmeister
0%
Most successful ski racers (women)Renate Götschl
0%
Most successful ski racers (men)Toni Sailer
0%
Tallest MountainsWeißkugel
0%
Tallest MountainsWildspitze
0%

Score Distribution

Percentile by Number Answered

Percent of People with Each Score

Your Score History

You have not taken this quiz